000
00323nam a2200121 a 4500
005
20141022141959.0
008
080911s19uu xx 00 eng d
050
_a
VHS
_b
AJN1 2003
245
_a
AJN: Examination pregnant abdomen.
650
_a
VHS: Nursing
650
_a
Examination of the pregnant abdomen.
942
_c
AVM
999
_c
276188
_d
276188